[Event "Championnat de France des Jeunes - Pupil"]
[Site "AIX LES BAINS"]
[Date "2009.04.21"]
[Round "4.2"]
[White "Balagny-Carbuccia, Nicolas"]
[Black "Viennot, Dylan"]
[Result "0-1"]
[WhiteElo "1820"]
[BlackElo "1889"]
[PlyCount "110"]

1. e4 c5 2. Nf3 Nc6 3. d4 cxd4 4. Nxd4 e5 5. Nxc6 bxc6 6. Bc4 Nf6 7. O-O Be7 8.
Nc3 O-O 9. Qd3 d6 10. Bg5 Nh5 11. Bxe7 Qxe7 12. Rad1 Rd8 13. Ne2 Be6 14. Bxe6
Qxe6 15. c4 Qf6 16. b3 g5 17. Qf3 Qxf3 18. gxf3 f5 19. Ng3 Ng7 20. Rd2 f4 21.
Ne2 Kf7 22. Rfd1 Ke7 23. Nc3 a5 24. Kf1 Ne6 25. Kg2 h5 26. h3 Rd7 27. Na4 Re8
28. Nb6 Rb7 29. Na4 c5 30. Rd3 Nd4 31. Kh2 Rg8 32. Rg1 Ke6 33. Nc3 Rh7 34. Nb5
g4 35. h4 Rhg7 36. Nxd4+ exd4 37. Rdd1 gxf3 38. Rgf1 Ke5 39. Rde1 d3 40. a3 Kd4
41. Rd1 Rb8 42. Rb1 Kxe4 43. Rfe1+ Kd4 44. Re6 Rg2+ 45. Kh3 Rxf2 46. Rd1 Rg8
47. Rxd6+ Ke4 48. Re1+ Re2 49. Rxe2+ fxe2 50. b4 d2 51. Re6+ Kf3 52. bxa5 d1=Q
53. Re3+ fxe3 54. Kh2 Qg1+ 55. Kh3 Qg2# 0-1

[Event "Championnat de France des Jeunes - Pupil"]
[Site "AIX LES BAINS"]
[Date "2009.04.21"]
[Round "4.3"]
[White "Kambrath, Yannick"]
[Black "Sarafian, Thomas"]
[Result "1-0"]
[WhiteElo "1857"]
[BlackElo "1720"]
[PlyCount "41"]

1. d4 f5 2. c4 Nf6 3. Nc3 e6 4. Nf3 Bb4 5. Bf4 O-O 6. a3 Bxc3+ 7. bxc3 d6 8. e3
b6 9. Be2 Bb7 10. O-O Qe8 11. Qb3 Nbd7 12. c5 dxc5 13. Bxc7 Kh8 14. Bd6 Rg8 15.
Ne5 Ne4 16. Bb5 Nxd6 17. Bxd7 Bd5 18. c4 Bxc4 19. Qa4 b5 20. Qa6 Qe7 21. Qxd6
1-0

[Event "Championnat de France des Jeunes - Pupil"]
[Site "AIX LES BAINS"]
[Date "2009.04.21"]
[Round "4.4"]
[White "Bandet, Raphael"]
[Black "Bellahcene, Bilel"]
[Result "0-1"]
[WhiteElo "1763"]
[BlackElo "1968"]
[PlyCount "70"]

1. e4 c5 2. Nf3 g6 3. d4 cxd4 4. Nxd4 Nc6 5. Nc3 Bg7 6. Be3 Nf6 7. Bc4 O-O 8.
f3 Qb6 9. Qd2 Nxe4 10. Nxc6 Nxd2 11. Nxe7+ Kh8 12. Bxb6 Nxc4 13. Bf2 Nxb2 14.
Ned5 b6 15. Rb1 Nc4 16. Kd1 Bb7 17. Be1 Rac8 18. Rb3 Rfe8 19. Kc1 Bh6+ 20. Kd1
Re5 21. Nf6 Re6 22. Nfe4 Bxe4 23. fxe4 Ne3+ 24. Ke2 Nxc2 25. Bf2 Rc7 26. Kd3
Rd6+ 27. Nd5 f5 28. Bg3 fxe4+ 29. Kxe4 Rc4+ 30. Kd3 Rd4+ 31. Kxc2 R6xd5 32. Be1
Rc4+ 33. Kb2 Bg7+ 34. Ka3 b5 35. Rf1 Ra4# 0-1

[Event "Championnat de France des Jeunes - Pupil"]
[Site "AIX LES BAINS"]
[Date "2009.04.21"]
[Round "4.5"]
[White "Le Pen, Steven"]
[Black "Gelas, Christophe"]
[Result "0-1"]
[WhiteElo "1726"]
[BlackElo "1918"]
[PlyCount "90"]

1. e4 c5 2. Nf3 Nc6 3. d4 cxd4 4. Nxd4 g6 5. c4 Nf6 6. Nc3 d6 7. f3 Nxd4 8.
Qxd4 Bg7 9. Qd1 Qb6 10. Qe2 O-O 11. Be3 Qa5 12. Qd2 Be6 13. Nd5 Qxd2+ 14. Kxd2
Bxd5 15. cxd5 Nd7 16. Rb1 a6 17. Bd3 Rfc8 18. Rhc1 Ne5 19. b3 Nxd3 20. Kxd3 Kf8
21. Rxc8+ Rxc8 22. Rc1 Rxc1 23. Bxc1 b5 24. Be3 Ke8 25. Bd4 Bh6 26. Be3 Bg7 27.
Bd4 Bf8 28. Kc3 Kd7 29. Kb4 Kc7 30. Kc3 Bh6 31. Kc2 Kb7 32. g3 e6 33. dxe6 fxe6
34. h4 Bf8 35. Kd3 Be7 36. Bg7 h5 37. Bh6 Kc6 38. Be3 d5 39. Bd4 Bd6 40. f4 Bb4
41. Be3 Be1 42. g4 hxg4 43. f5 dxe4+ 44. Kxe4 exf5+ 45. Kf4 Bxh4 0-1

[Event "Championnat de France des Jeunes - Pupil"]
[Site "AIX LES BAINS"]
[Date "2009.04.21"]
[Round "4.6"]
[White "Purenne, Benoit"]
[Black "Lam-Roques, Kalvin"]
[Result "1-0"]
[WhiteElo "1902"]
[BlackElo "1717"]
[PlyCount "133"]

1. e4 c5 2. Nc3 g6 3. g3 Bg7 4. Bg2 Nc6 5. d3 e6 6. Nge2 Nge7 7. O-O d6 8. Be3
O-O 9. Qd2 a6 10. f4 f5 11. Rad1 Nd4 12. Nc1 Nec6 13. Nb1 e5 14. c3 Nb5 15. a4
Nc7 16. b3 Be6 17. fxe5 Nxe5 18. exf5 Bxf5 19. Bxb7 Rb8 20. Bg2 Qd7 21. Na3 Bg4
22. Rde1 Nf3+ 23. Bxf3 Rxf3 24. Rxf3 Bxf3 25. Rf1 Rf8 26. c4 Qh3 27. Rf2 Ne6
28. Nc2 h5 29. Ne2 h4 30. Nf4 Qg4 31. Nxe6 hxg3 32. hxg3 Qxe6 33. Bf4 Bc6 34.
Qe2 Qd7 35. Qe1 d5 36. Re2 dxc4 37. Re7 Qd5 38. Qe6+ Qxe6 39. Rxe6 cxd3 40. Ne3
Bf3 41. Kf2 Be2 42. Rxg6 Rf6 43. Rg5 Kf7 44. Rxc5 Bh6 45. Rc7+ Kg6 46. Nd5 Bxf4
47. Nxf4+ Kg5 48. Ke3 Rd6 49. Rc5+ Kg4 50. Rd5 Rb6 51. Nxd3 Bxd3 52. Rxd3 Kxg3
53. Kd4+ Kf4 54. Kc5 Rb7 55. b4 Ke5 56. Rd5+ Ke4 57. Rd6 a5 58. b5 Ke5 59. Ra6
Rc7+ 60. Kb6 Kd6 61. Ra8 Rd7 62. Rxa5 Rd8 63. Ra7 Rb8+ 64. Rb7 Ra8 65. a5 Rc8
66. a6 Rh8 67. a7 1-0

[Event "Championnat de France des Jeunes - Pupil"]
[Site "AIX LES BAINS"]
[Date "2009.04.21"]
[Round "4.7"]
[White "Beau, Pierre"]
[Black "Eid, Amine"]
[Result "1/2-1/2"]
[WhiteElo "1723"]
[BlackElo "1845"]
[PlyCount "70"]

1. e4 c5 2. Nf3 g6 3. d4 cxd4 4. Nxd4 Bg7 5. Nc3 Nc6 6. Be3 Nf6 7. Bc4 O-O 8.
f3 Qb6 9. Bb3 Ng4 10. fxg4 Bxd4 11. Bxd4 Qxd4 12. Qxd4 Nxd4 13. O-O-O Nc6 14.
Nd5 d6 15. Ba4 Bxg4 16. Rdf1 Rae8 17. Rf4 Bd7 18. h4 Ne5 19. Bxd7 Nxd7 20. h5
g5 21. Rf3 h6 22. Re1 f6 23. Rc3 Nc5 24. b4 Ne6 25. Ree3 Rf7 26. Nc7 Nxc7 27.
Rxc7 e5 28. Rec3 b6 29. g4 Kf8 30. Rxf7+ Kxf7 31. Rc7+ Re7 32. Rxe7+ Kxe7 33.
b5 Kd7 34. c4 Kc7 35. a4 Kd7 1/2-1/2

[Event "Championnat de France des Jeunes - Pupil"]
[Site "AIX LES BAINS"]
[Date "2009.04.21"]
[Round "4.8"]
[White "Pruvot, Louis"]
[Black "Ek, Alexandre"]
[Result "0-1"]
[WhiteElo "1690"]
[BlackElo "1800"]
[PlyCount "56"]

1. e4 c5 2. Nc3 Nc6 3. Nge2 Nf6 4. d4 cxd4 5. Nxd4 a6 6. g3 e5 7. Nde2 d6 8.
Bg2 Be7 9. O-O O-O 10. f4 exf4 11. Nxf4 Ne5 12. Ncd5 Nxd5 13. Nxd5 Be6 14. Be3
Nc4 15. Bf2 Nxb2 16. Qf3 Bxd5 17. exd5 Bf6 18. Rab1 Nc4 19. Qf4 b5 20. Rbd1 Rc8
21. h4 Na3 22. Be4 Nxc2 23. Rd2 Na3 24. Be3 Nc4 25. Qf5 g6 26. Qxf6 Nxe3 27.
Rf3 Rc1+ 28. Kh2 Ng4+ 0-1

[Event "Championnat de France des Jeunes - Pupil"]
[Site "AIX LES BAINS"]
[Date "2009.04.21"]
[Round "4.9"]
[White "Hyjazi, Theo"]
[Black "Marie, Florian"]
[Result "1/2-1/2"]
[WhiteElo "1770"]
[BlackElo "1660"]
[PlyCount "64"]

1. d4 Nf6 2. c4 g6 3. Nc3 d5 4. cxd5 Nxd5 5. e4 Nxc3 6. bxc3 Bg7 7. Bc4 c5 8.
Ne2 O-O 9. O-O Nc6 10. Be3 b6 11. dxc5 bxc5 12. Bxc5 Bb7 13. Bd5 Qc7 14. Nd4
Nxd4 15. Bxd4 Bxd5 16. exd5 Qc4 17. Bxg7 Kxg7 18. Qb3 Rac8 19. Rac1 Rfd8 20.
Rfd1 Rc5 21. Qxc4 Rxc4 22. Rd3 Kf6 23. f3 Ke5 24. Re3+ Kf6 25. Re4 Rxe4 26.
fxe4 Ke5 27. Re1 Rc8 28. Re3 Rc4 29. Kf2 Rxe4 30. Rd3 Ra4 31. Re3+ Kd6 32. Re2
Ra3 1/2-1/2

[Event "Championnat de France des Jeunes - Pupil"]
[Site "AIX LES BAINS"]
[Date "2009.04.21"]
[Round "4.10"]
[White "Lamard, Guillaume"]
[Black "Humbert, Julien"]
[Result "1-0"]
[WhiteElo "2113"]
[BlackElo "1620"]
[PlyCount "73"]

1. d4 f5 2. Nc3 Nf6 3. Bg5 d5 4. Bxf6 exf6 5. e3 Be6 6. Bd3 Nc6 7. a3 g6 8. Qf3
Qd7 9. Nge2 O-O-O 10. O-O Ne7 11. Nf4 Kb8 12. Bb5 c6 13. Bd3 Nc8 14. b4 Nd6 15.
b5 Ne4 16. Bxe4 fxe4 17. Qe2 Bf7 18. f3 f5 19. fxe4 dxe4 20. Nh3 Rc8 21. b6 a6
22. Qf2 Bg7 23. Nxe4 Be6 24. Qf4+ Ka8 25. Nc5 Qe7 26. Rab1 Bc4 27. Rfe1 Rcd8
28. Qc7 Rhe8 29. Rb4 Rxd4 30. Qxe7 Rxe7 31. c3 a5 32. Ra4 Rg4 33. Nf2 Bf7 34.
Nxg4 fxg4 35. Rd1 Re8 36. Rxa5+ Kb8 37. Nd7+ 1-0

[Event "Championnat de France des Jeunes - Pupil"]
[Site "AIX LES BAINS"]
[Date "2009.04.21"]
[Round "4.11"]
[White "Guo, Louis"]
[Black "Venard, Paul-Andre"]
[Result "1/2-1/2"]
[WhiteElo "1810"]
[BlackElo "1631"]
[PlyCount "55"]

1. e4 d5 2. exd5 Qxd5 3. Nc3 Qa5 4. Bc4 Nf6 5. d3 Bf5 6. Bd2 c6 7. Nge2 e6 8.
Nd4 Nbd7 9. Qe2 O-O-O 10. Nxf5 Qxf5 11. O-O Bd6 12. h3 Nb6 13. Bb3 Nbd5 14.
Nxd5 exd5 15. Be3 Rde8 16. Qd2 Qe5 17. g3 Nh5 18. d4 Qf5 19. Kh2 Qf3 20. Rae1
Nxg3 21. fxg3 Qxg3+ 22. Kh1 Qxh3+ 23. Kg1 Re4 24. Rf2 Bg3 25. Rf3 Rg4 26. Re2
Bh2+ 27. Kf2 Rg2+ 28. Ke1 1/2-1/2

[Event "Championnat de France des Jeunes - Pupil"]
[Site "AIX LES BAINS"]
[Date "2009.04.21"]
[Round "4.12"]
[White "Aubert, Lucas"]
[Black "Lagrave, Lucas"]
[Result "1/2-1/2"]
[WhiteElo "1623"]
[BlackElo "1770"]
[Annotator "Rivier,Sylvain"]
[PlyCount "61"]

1. d4 d5 2. c4 e6 3. Nc3 Nf6 4. Bg5 Nbd7 5. Nf3 c6 6. e3 Qa5 7. a3 Ne4 8. Rc1
Nxg5 9. Nxg5 dxc4 10. Nge4 Be7 11. Bxc4 O-O 12. O-O Nb6 13. Bd3 e5 14. Qh5 g6
15. Qxe5 Qxe5 16. dxe5 Be6 17. Rfd1 Nd7 18. f4 Nc5 19. Be2 Rad8 20. Nd6 Nb3 21.
Rc2 Rd7 22. Nde4 Rfd8 23. Rxd7 Rxd7 24. Kf2 h5 25. Na4 Bf5 26. Nac5 Nxc5 27.
Nxc5 Bxc2 28. Nxd7 Bf5 29. Nf6+ Kf8 30. e4 Bxf6 31. exf6 {suite illisible}
1/2-1/2

[Event "Championnat de France des Jeunes - Pupil"]
[Site "AIX LES BAINS"]
[Date "2009.04.21"]
[Round "4.13"]
[White "Fort, Adelin"]
[Black "Vekemans, Sylvain"]
[Result "0-1"]
[WhiteElo "1630"]
[BlackElo "1750"]
[PlyCount "96"]

1. Nf3 d5 2. g3 e6 3. Bg2 c5 4. d3 Nc6 5. O-O Qb6 6. Nbd2 Bd7 7. c4 Nf6 8. b3
g6 9. Bb2 Bg7 10. Rb1 O-O 11. Ne1 d4 12. Ne4 Nxe4 13. Bxe4 Ne7 14. h3 e5 15. g4
Bc6 16. f4 Bxe4 17. dxe4 exf4 18. Rxf4 Qd6 19. Rf3 Nc6 20. Nd3 Rae8 21. Qc2 Ne5
22. Rf2 Nxd3 23. exd3 Qg3+ 24. Rg2 Qxh3 25. Qf2 Qxd3 26. Re1 Be5 27. Bc1 Qh3
28. Bf4 Bxf4 29. Qxf4 Qc3 30. Ree2 d3 31. Ref2 Qe1+ 32. Kh2 Qxe4 33. Qh6 Qe5+
34. Kg1 Re6 35. Rh2 Qa1+ 36. Kg2 Qg7 37. Qd2 Re4 38. Kf3 Rd4 39. Rh3 Qf6+ 40.
Kg2 Rxg4+ 41. Rg3 Rxg3+ 42. Kxg3 Qd6+ 43. Kg2 f5 44. Rf3 Rd8 45. Kf1 Qd4 46.
Rf4 Qxf4+ 47. Qxf4 d2 48. Qe5 d1=Q+ 0-1

[Event "Championnat de France des Jeunes - Pupil"]
[Site "AIX LES BAINS"]
[Date "2009.04.21"]
[Round "4.14"]
[White "Froment, Victor"]
[Black "Rodriguez, Adrien"]
[Result "0-1"]
[WhiteElo "1724"]
[BlackElo "1620"]
[PlyCount "52"]

1. e4 c5 2. Nf3 d6 3. d4 cxd4 4. Nxd4 Nf6 5. Nc3 a6 6. Be2 e6 7. O-O Be7 8. Be3
O-O 9. f4 b5 10. a3 Bb7 11. Bf3 Nbd7 12. Kh1 Nb6 13. b3 Rc8 14. Qd2 Nfd7 15. g4
h6 16. Rg1 e5 17. Nf5 Bf6 18. Nxd6 exf4 19. Nxc8 fxe3 20. Qxe3 Qxc8 21. Nd5
Nxd5 22. exd5 Bxa1 23. Rxa1 Nf6 24. Qd4 Qxc2 25. b4 Rd8 26. Qb6 Rd7 0-1

[Event "Championnat de France des Jeunes - Pupil"]
[Site "AIX LES BAINS"]
[Date "2009.04.21"]
[Round "4.15"]
[White "Charvein, Gabriel"]
[Black "Laverdet, Tristan"]
[Result "1/2-1/2"]
[WhiteElo "1600"]
[BlackElo "1720"]
[PlyCount "88"]

1. d4 Nf6 2. c4 e6 3. a3 c5 4. dxc5 Bxc5 5. b4 Bb6 6. Bb2 O-O 7. e3 Nc6 8. Nd2
d5 9. c5 Bc7 10. Ngf3 Qe7 11. Bd3 e5 12. Bc2 Bg4 13. h3 Bh5 14. Qb1 Rfd8 15.
O-O e4 16. Nd4 Qe5 17. g3 Qg5 18. Kg2 Ne5 19. Bd1 Bxd1 20. Qxd1 Nd3 21. Bc3 Nh5
22. Qg4 Qxg4 23. hxg4 Nf6 24. g5 Ng4 25. Nf5 g6 26. Nh6+ Nxh6 27. gxh6 f5 28.
Nb3 Kf7 29. Nc1 Ne5 30. Ne2 b6 31. cxb6 axb6 32. Nf4 Nc4 33. a4 Bxf4 34. gxf4
Rdc8 35. Bd4 Ke6 36. Rfc1 Kd7 37. Kf1 Nd2+ 38. Ke2 Nb3 39. Rxc8 Nxd4+ 40. exd4
Rxc8 41. a5 Ra8 42. a6 b5 43. Kd2 Kc6 44. Rc1+ Kd6 1/2-1/2

[Event "Championnat de France des Jeunes - Pupillettes"]
[Site "AIX LES BAINS"]
[Date ""]
[Round "4.1"]
[White "Bellaiche, Elise"]
[Black "Dol, Cecile"]
[Result "1-0"]
[WhiteElo "1826"]
[BlackElo "1510"]
[Annotator ""]

1. e4 e6 2. d4 d5 3. Nc3 dxe4 4. Nxe4 Nd7 5. Nf3 Ngf6 6. Bg5 Be7 7. Bd3 c5 8.
Nxf6+ Nxf6 9. dxc5 Bxc5 10. Bb5+ Bd7 11. Bxd7+ Qxd7 12. Bxf6 Qxd1+ 13. Rxd1
gxf6 14. O-O Ke7 15. Nd2 Rad8 16. Ne4 Bb6 17. c3 Rxd1 18. Rxd1 Rd8 19. Rxd8
Bxd8 20. Nc5 b6 21. Nd3 Kd6 22. c4 Bc7 23. Kf1 Kc6 24. Nb4+ Kc5 25. Na6+ Kc6
26. Nxc7 Kxc7 27. Ke2 Kd6 28. b4 a5 29. a3 axb4 30. axb4 e5 31. g4 Ke6 32. Ke3
Kd6 33. Ke4 h6 34. Kf5 Ke7 35. c5 Kd7 36. Kxf6 Kc6 37. Kxe5 1-0

[Event "Championnat de France des Jeunes - Pupil"]
[Site "AIX LES BAINS"]
[Date "2009.04.21"]
[Round "4.2"]
[White "Dieuleveut, Floriane"]
[Black "Thomas, Apolline"]
[Result "1-0"]
[WhiteElo "1651"]
[BlackElo "1440"]
[PlyCount "63"]

1. e4 e5 2. Nf3 Nc6 3. Bc4 Bc5 4. d3 Nf6 5. h3 d6 6. c3 Be6 7. Bb3 h6 8. Bc2
Qd7 9. Nbd2 O-O 10. Nf1 Rfe8 11. Ng3 d5 12. Ba4 Qd6 13. Bxc6 bxc6 14. d4 exd4
15. e5 Qe7 16. exf6 Qxf6 17. cxd4 Bb4+ 18. Kf1 Rab8 19. Be3 Bd7 20. Ne5 Qe6 21.
Rc1 f6 22. Nxd7 Qxd7 23. Qc2 Rb6 24. Qf5 Qe7 25. Kg1 Bd6 26. Qf3 Bxg3 27. Qxg3
Kh7 28. Rc2 Qe4 29. Re2 Qe7 30. Bxh6 Qf7 31. Rxe8 gxh6 32. Rh8+ 1-0

[Event "Championnat de France des Jeunes - Pupil"]
[Site "AIX LES BAINS"]
[Date "2009.04.21"]
[Round "4.3"]
[White "Broly, Marine"]
[Black "Banat, Rizlene"]
[Result "0-1"]
[WhiteElo "1470"]
[BlackElo "1542"]
[PlyCount "94"]

1. e4 c5 2. Nf3 e6 3. d4 cxd4 4. Nxd4 a6 5. Be2 Qc7 6. Be3 Nf6 7. Nc3 b5 8. Bf3
e5 9. Nb3 Bb7 10. O-O Be7 11. Qd2 O-O 12. Rad1 Bb4 13. Nxb5 axb5 14. Qxb4 Qxc2
15. Qxb5 Ba6 16. Qc5 Qxc5 17. Bxc5 Bxf1 18. Bxf8 Bxg2 19. Kxg2 Kxf8 20. a3 Ra4
21. Nc5 Rc4 22. Nd3 Rd4 23. Nxe5 Rxd1 24. Bxd1 Nxe4 25. Kf3 Ng5+ 26. Ke3 f6 27.
Nf3 Ne6 28. b4 Nc7 29. a4 Nd5+ 30. Kd4 Nxb4 31. Kc4 N8c6 32. Nd4 Nxd4 33. Kxd4
Ke7 34. Kc4 Nc6 35. Kb5 Kd6 36. Bf3 Nd4+ 37. Kb6 Nxf3 38. a5 Nd4 39. a6 Nc6 40.
a7 Nxa7 41. Kxa7 Kc5 42. Ka6 d5 43. Ka5 Kc4 44. Ka4 Kc3 45. Ka3 d4 46. Ka2 Kc2
47. Ka3 d3 0-1

[Event "Championnat de France des Jeunes - Pupil"]
[Site "AIX LES BAINS"]
[Date "2009.04.21"]
[Round "4.4"]
[White "Imperor, Lorene"]
[Black "Malassagne, Isabelle"]
[Result "1/2-1/2"]
[WhiteElo "1667"]
[BlackElo "1500"]
[PlyCount "120"]

1. f4 g6 2. Nf3 Bg7 3. e3 Nf6 4. Be2 O-O 5. O-O d5 6. d3 c5 7. Ne5 Qc7 8. Nd2
Nc6 9. Nxc6 Qxc6 10. Nf3 Bf5 11. Ne5 Qd6 12. Qe1 Nd7 13. Nxd7 Qxd7 14. Bf3 Bg4
15. Qg3 Bxf3 16. Qxf3 Rfe8 17. c3 b6 18. d4 c4 19. e4 e6 20. e5 Rab8 21. Bd2
Rec8 22. Qg3 Qb5 23. Rab1 Qa4 24. a3 Qc2 25. Be3 Qf5 26. Rbc1 b5 27. Bd2 a6 28.
Qf3 Qh5 29. Qxh5 gxh5 30. Rf3 Rf8 31. Rcf1 f6 32. exf6 Rxf6 33. f5 exf5 34.
Rxf5 Rbf8 35. R5f2 Rxf2 36. Rxf2 Rxf2 37. Kxf2 Kf7 38. Kf3 Kf6 39. h3 Kf5 40.
g4+ hxg4+ 41. hxg4+ Kg6 42. Bf4 Bf8 43. Be3 Be7 44. Ke2 Kf7 45. Bf4 Ke6 46. Kf3
Kf7 47. Ke3 Ke6 48. Bh6 Kf7 49. Bf4 Ke6 50. Kf3 Kf6 51. Ke2 Ke6 52. Kd2 Kd7 53.
Kc2 Kc6 54. Bc1 Bf8 55. b3 Be7 56. a4 Bf8 57. axb5+ axb5 58. b4 Kd7 59. Bf4 Ke6
60. Kd2 Be7 1/2-1/2

[Event "Championnat de France des Jeunes - Pupil"]
[Site "AIX LES BAINS"]
[Date "2009.04.21"]
[Round "4.5"]
[White "Nourani, Maral"]
[Black "Baldi, Valentine"]
[Result "1-0"]
[WhiteElo "1550"]
[BlackElo "1642"]
[PlyCount "145"]

1. e4 c6 2. Nc3 d5 3. Nf3 dxe4 4. Nxe4 Bf5 5. Ng3 Bg6 6. h4 h6 7. Ne5 Bh7 8.
Qh5 g6 9. Qf3 Nf6 10. Qb3 Qd5 11. Qxb7 Qxe5+ 12. Be2 Qd4 13. Qxa8 Qb6 14. a4 a5
15. Ba6 Nd5 16. Qb7 Qxb7 17. Bxb7 Nb4 18. Kd1 e6 19. b3 Bc5 20. Bb2 O-O 21. Ne4
Be7 22. Ba3 Nd5 23. c4 Nb4 24. Nc3 Rd8 25. Rh3 Rd7 26. Bxc6 N8xc6 27. h5 g5 28.
Re3 Bc2+ 29. Ke2 Bxb3 30. d3 Bc5 31. Ne4 Bd4 32. Rb1 Bxa4 33. Rg3 Be5 34. Nc5
Bc2 35. Nxd7 Bxb1 36. Nxe5 Nxe5 37. f4 Nec6 38. fxg5 hxg5 39. Rxg5+ Kh7 40.
Bxb4 axb4 41. Rc5 Nd4+ 42. Ke3 Nc2+ 43. Kd2 Kh6 44. Kc1 Na3 45. d4 f5 46. d5
exd5 47. cxd5 Bd3 48. d6 Bb5 49. Kb2 Bd7 50. Kb3 Nb1 51. Kxb4 Kxh5 52. Ka5 Kg4
53. Kb6 f4 54. Rc7 Bf5 55. Rg7+ Kh4 56. Rf7 Kg4 57. Rxf5 Kxf5 58. d7 Nd2 59.
d8=Q Nc4+ 60. Kb7 Ke4 61. Qg8 Nd6+ 62. Kc6 Nf5 63. Qe6+ Kd4 64. Qxf5 Ke3 65.
Qg4 Ke4 66. Kd6 Ke3 67. Qf3+ Kd4 68. Qxf4+ Kd3 69. Kd5 Kc3 70. Qc4+ Kd2 71. Ke4
Kd1 72. Ke3 Ke1 73. Qc1# 1-0

[Event "Championnat de France des Jeunes - Pupil"]
[Site "AIX LES BAINS"]
[Date "2009.04.21"]
[Round "4.6"]
[White "Legrand, Claire"]
[Black "Dory, Manon"]
[Result "1-0"]
[WhiteElo "1607"]
[BlackElo "1470"]
[PlyCount "47"]

1. e4 c5 2. d3 Nc6 3. Nd2 Nf6 4. Ngf3 d6 5. g3 Bd7 6. Bg2 e6 7. O-O Be7 8. Re1
Qc7 9. c3 O-O 10. Nf1 Qb6 11. Qe2 Qb5 12. h4 Bd8 13. N1h2 Ba5 14. Bg5 Ne8 15.
Rab1 Nc7 16. Ng4 h6 17. Bd2 Qa6 18. e5 d5 19. Bxh6 Kh7 20. Qe3 Bb6 21. Qg5 Rg8
22. Qh5 Rh8 23. Ng5+ Kg8 24. Qxf7# 1-0

[Event "Championnat de France des Jeunes - Pupil"]
[Site "AIX LES BAINS"]
[Date "2009.04.21"]
[Round "4.7"]
[White "Auvray, Honorine"]
[Black "Terrazzoni, Claire"]
[Result "1-0"]
[WhiteElo "1708"]
[BlackElo "1460"]
[PlyCount "111"]

1. e4 c5 2. Nf3 Nc6 3. d4 cxd4 4. Nxd4 Nf6 5. Nc3 g6 6. Be3 Bg7 7. f3 O-O 8.
Qd2 d6 9. Bc4 Bd7 10. O-O-O Qa5 11. Kb1 Rfc8 12. Bb3 a6 13. g4 b5 14. h4 Nxd4
15. Bxd4 Rc6 16. Nd5 Qxd2 17. Rxd2 Kf8 18. Nxf6 Bxf6 19. Bxf6 exf6 20. Bd5 Rac8
21. Bxc6 Rxc6 22. g5 f5 23. e5 Ke7 24. Rhd1 Rb6 25. Rxd6 Rxd6 26. Rxd6 a5 27.
c3 Kd8 28. Kc2 Ke7 29. f4 Kd8 30. Kd3 Kc7 31. Kd4 Kc8 32. Kc5 Kc7 33. Rxd7+
Kxd7 34. Kxb5 Kc7 35. Kxa5 Kb7 36. b4 Ka7 37. c4 Kb7 38. b5 Ka7 39. c5 Kb7 40.
c6+ Kc7 41. Ka6 Kb8 42. b6 Kc8 43. Ka7 Kd8 44. b7 Kc7 45. b8=Q+ Kxc6 46. Qd6+
Kb5 47. Qc7 Ka4 48. a3 Kxa3 49. Qb7 Ka4 50. Kb8 Ka5 51. Kc7 Ka4 52. Kc6 Ka3 53.
Kc5 Ka2 54. Kc4 Ka1 55. Kc3 Ka2 56. Qb2# 1-0

[Event "Championnat de France des Jeunes - Pupil"]
[Site "AIX LES BAINS"]
[Date "2009.04.21"]
[Round "4.8"]
[White "Mirete, Rita"]
[Black "Abidi, Hasma"]
[Result "0-1"]
[WhiteElo "1420"]
[BlackElo "1660"]
[PlyCount "102"]

1. e4 e6 2. d4 d5 3. exd5 exd5 4. Nc3 Nf6 5. g3 Bd6 6. Bg2 c6 7. b3 Bf5 8. Bb2
Nbd7 9. Nf3 Qc7 10. O-O O-O-O 11. Re1 Rde8 12. Qd2 h6 13. a4 g5 14. Ba3 Ne4 15.
Bxd6 Nxd2 16. Bxc7 Nxf3+ 17. Bxf3 Kxc7 18. Rxe8 Rxe8 19. Rc1 Nf6 20. b4 g4 21.
Bg2 Ne4 22. Re1 Kd8 23. Bxe4 Bxe4 24. Re2 f5 25. Nd1 Bxc2 26. Rxe8+ Kxe8 27.
Ne3 Be4 28. Nd1 Kd7 29. Nc3 Kd6 30. a5 b6 31. axb6 axb6 32. Kf1 c5 33. bxc5+
bxc5 34. dxc5+ Kxc5 35. Ke2 d4 36. Na4+ Kb4 37. Nb2 Kc3 38. Na4+ Kc2 39. Nc5
Bf3+ 40. Kf1 d3 41. Nxd3 Kxd3 42. Ke1 Kc2 43. Kf1 Kd2 44. Kg1 Ke2 45. h3 gxh3
46. Kh2 Bg4 47. Kg1 Bh5 48. Kh2 Kxf2 49. Kxh3 Bg4+ 50. Kh4 h5 51. Kg5 Kxg3 0-1

[Event "Championnat de France des Jeunes - Pupil"]
[Site "AIX LES BAINS"]
[Date "2009.04.21"]
[Round "4.9"]
[White "Sauve, Anne-Charlotte"]
[Black "Desarnaud, Manon"]
[Result "0-1"]
[WhiteElo "1410"]
[BlackElo "1600"]
[PlyCount "46"]

1. e4 e6 2. d4 d5 3. e5 c5 4. dxc5 Bxc5 5. Qg4 g6 6. Bd3 Qb6 7. Nh3 Nc6 8. Bf4
Qxb2 9. O-O Qxa1 10. Na3 Qxa2 11. Nb5 Qa5 12. Ng5 a6 13. Nd6+ Bxd6 14. exd6 e5
15. Qd1 exf4 16. Re1+ Kf8 17. Qe2 Bd7 18. c4 Re8 19. Qd1 Rxe1+ 20. Qxe1 Qxe1+
21. Bf1 Nd4 22. cxd5 Ne2+ 23. Kh1 Qxf1# 0-1

[Event "Championnat de France des Jeunes - Pupil"]
[Site "AIX LES BAINS"]
[Date "2009.04.21"]
[Round "4.10"]
[White "Lin, Yun"]
[Black "Jacob, Eva"]
[Result "1-0"]
[WhiteElo "1570"]
[BlackElo "1380"]
[PlyCount "105"]

1. e4 c5 2. Nf3 a6 3. d4 cxd4 4. Nxd4 Nf6 5. Nc3 e5 6. Nf3 Bb4 7. Bc4 O-O 8.
Qd3 Nc6 9. Bd2 d6 10. O-O Re8 11. Rfe1 Bg4 12. h3 Bxf3 13. Qxf3 Nd4 14. Qe3 Nh5
15. a3 Bc5 16. b4 b5 17. Bd5 Ba7 18. Bxa8 Qxa8 19. Nd5 Qc8 20. c3 Ne6 21. Qf3
g6 22. g4 Nhg7 23. Nf6+ Kf8 24. Nxe8 Qxe8 25. Bh6 Qe7 26. Bxg7+ Kxg7 27. Rad1
Ng5 28. Qg2 Qf6 29. Rf1 Bb8 30. Rd3 Qf4 31. f3 Qf6 32. h4 Ne6 33. g5 Qe7 34.
Qg4 Nf4 35. Rd2 Ba7+ 36. Kh2 h6 37. gxh6+ Kxh6 38. Qg5+ Qxg5 39. hxg5+ Kxg5 40.
Rxd6 Be3 41. Rxa6 Bd2 42. Rb6 Bxc3 43. Rxb5 Kf6 44. a4 Nd3 45. Rb6+ Kg7 46. Rb1
Bd4 47. Rc6 Kf8 48. b5 Ke8 49. b6 Kd7 50. Rc2 Nc5 51. b7 Nxb7 52. Rxb7+ Ke8 53.
Rc8# 1-0

[Event "Championnat de France des Jeunes - Pupil"]
[Site "AIX LES BAINS"]
[Date "2009.04.21"]
[Round "4.11"]
[White "Fesselier, Melissa"]
[Black "Canterel, Cecile"]
[Result "0-1"]
[WhiteElo "1390"]
[BlackElo "1560"]
[PlyCount "120"]

1. d4 Nf6 2. c4 e6 3. Nc3 b6 4. Bg5 Be7 5. Nf3 Bb7 6. e3 O-O 7. Bd3 h6 8. Bh4
Nh5 9. Bxe7 Qxe7 10. Bc2 Nf6 11. Qd3 Nc6 12. a3 d6 13. Ne4 g6 14. O-O-O Kg7 15.
Nxf6 Qxf6 16. h4 h5 17. Rh3 d5 18. cxd5 exd5 19. Ng5 Ne7 20. g4 hxg4 21. Rg3
Qxf2 22. Rxg4 Qf5 23. Qxf5 Nxf5 24. Bxf5 gxf5 25. Rg3 Kh6 26. Nf3 Rg8 27. Rdg1
Rxg3 28. Rxg3 f6 29. Kc2 Re8 30. Kd2 c5 31. Kd3 Ba6+ 32. Kd2 Kh7 33. Rg1 Rg8
34. Rxg8 Kxg8 35. Ke1 Kg7 36. Kf2 Kg6 37. Kg3 Bd3 38. Kf4 a5 39. Ne1 c4 40. b3
b5 41. bxc4 bxc4 42. Kg3 Be4 43. Kf2 Kh5 44. Kg3 c3 45. a4 c2 46. Nxc2 Bxc2 47.
Kf2 Kxh4 48. Ke2 Bxa4 49. Kd2 Bb3 50. e4 fxe4 51. Kc3 a4 52. Kb2 e3 53. Ka3 e2
54. Kb2 e1=Q 55. Ka3 Qc1+ 56. Kb4 Bd1 57. Ka5 Qb2 58. Ka6 a3 59. Ka7 a2 60. Ka8
a1=R# 0-1

[Event "Championnat de France des Jeunes - Pupil"]
[Site "AIX LES BAINS"]
[Date "2009.04.21"]
[Round "4.12"]
[White "Duval, Claire"]
[Black "Del Valle, Julie"]
[Result "1-0"]
[WhiteElo "1370"]
[BlackElo "1530"]
[PlyCount "95"]

1. d4 d5 2. c4 e6 3. Nc3 Nf6 4. Bg5 Nbd7 5. e3 Be7 6. Bd3 O-O 7. Nge2 b6 8. O-O
dxc4 9. Bxc4 Bb7 10. Qc2 h6 11. Bh4 Re8 12. Rfd1 Nf8 13. Rac1 Ng6 14. Bxf6 Bxf6
15. Ne4 Qe7 16. Bb5 Rec8 17. Bc6 Bxc6 18. Qxc6 e5 19. d5 Bg5 20. N2g3 Qb4 21.
Rc2 Ne7 22. Qd7 Bh4 23. a3 Qb3 24. Rd3 Rd8 25. Qg4 Bxg3 26. Qxg3 Nxd5 27. Qxe5
Qa2 28. h3 Rd7 29. Nc3 Qa1+ 30. Rd1 f6 31. Qe6+ Rf7 32. Qxd5 Qxd1+ 33. Qxd1
Rff8 34. Nd5 Rad8 35. Qh5 f5 36. Ne7+ Kh7 37. Qg6+ Kh8 38. Nxf5 Rd7 39. Rd2
Rdf7 40. Rd8 Kg8 41. Rxf8+ Kxf8 42. Kf1 Rd7 43. b3 Rd1+ 44. Ke2 Rd7 45. b4 c5
46. Qh7 Kf7 47. Qxg7+ Ke8 48. Qg8# 1-0